000 01592cam a22004214i 4500
003 PE-LiUPU
005 20250731173123.0
008 150623s2001 bl a rb 000 0 eng d
035 _a(Sirsi) a25706
040 _aPE-LiUPU
_bspa
_cPE-LiUPU
_erda
082 0 4 _a226.2 077
_bS55
_221
100 1 _aDaSilva Pereyra, Rodrigo,
_eautor.
245 1 0 _aAnálise lingüística do [te digo hoy, estarás conmigo] em Lucas 23:43 /
_cRodrigo DaSilva Pereyra.
264 1 _aSao Paulo :
_bCentro de Estudios Evangélicos,
_c2001.
300 _a107 páginas :
_bilustraciones, cuadro, dgrma. ;
_c21 centímetros
336 _atext
_2rdacontent
337 _aunmediated
_2rdamedia
338 _avolume
_2rdacarrier
504 _aIncluye bibliografía.
505 0 _aHistórico textual de Lucas 23:43 -- Verificacao crítico-literária de XXXX -- Alcance teológico de Lucas 23:43.
526 _aSEG42
526 _aSEG41
526 _aSEG40
526 _aSEG39
526 _aP94
526 _aP87
526 _aP86
526 _aP85
526 _aP77
526 _aP76
526 _aP35
630 0 4 _aBiblia.
_pN.T.
_pLucas 23: 43
_xComentarios.
942 _2ddc
_cBOOK
949 _a226.2 077 S55
_wDEWEY
_c1
_i49859
_lCCODEBUL1
_mBUL
_p40.00
_r0
_sY
_tBOOK
_u2015-06-24
_xTEOLOGIA
_PP35
_0COMPRA
_o.STAFF. Colección Teología
596 _a1
999 _a226.2 077 S55
_wDEWEY
_c32657
_i49859
_f2021-11-9
_g5
_lCCODEBUL1
_mBUL
_p40.00
_r0
_sY
_tBOOK
_u2015-6-24
_xTEOLOGIA
_PP35
_0COMPRA
_o.STAFF. Colección Teología
_d32657
980 _81
_gALBERTO SANCHEZ Responsable de Automatización